000 00359 a2200109 4500
001 ART_4746
005 20260410161824.0
008 260409a
245 1 0 _aReducción de la jornada de trabajo y creación de empleo
100 1 _aMonza, Alfredo
773 0 _tRevista de trabajo
_gTiempo de trabajo - Año 1, Nº 2 (may./jun. 1994)
_wREV4713
999 _c22621
_d22621